LEADER 02049nam 2200589Ia 450 001 9910455423503321 005 20200520144314.0 010 $a1-280-21425-2 010 $a9786610214259 010 $a0-309-56435-2 010 $a0-585-14669-1 035 $a(CKB)111004366658466 035 $a(OCoLC)43477088 035 $a(CaPaEBR)ebrary10056801 035 $a(SSID)ssj0000249178 035 $a(PQKBManifestationID)11226103 035 $a(PQKBTitleCode)TC0000249178 035 $a(PQKBWorkID)10227518 035 $a(PQKB)11564794 035 $a(MiAaPQ)EBC3376527 035 $a(Au-PeEL)EBL3376527 035 $a(CaPaEBR)ebr10056801 035 $a(OCoLC)940510171 035 $a(EXLCZ)99111004366658466 100 $a19890828d1989 uy 0 101 0 $aeng 135 $aurcn||||||||| 181 $ctxt 182 $cc 183 $acr 200 00$aSpace station engineering design issues$b[electronic resource] $ereport of a workshop, November 7-11, 1988, Irvine, California /$fWorkshop Committee on Space Station, Engineering Design Issues, Aeronautics and Space Engineering Board, Commission on Engineering and Technical Systems, National Research Council 210 $aWashington, D.C. $cNational Academy Press$d1989 215 $a1 online resource (91 p.) 300 $aSupported by NASA contract no. NASW-4003. 311 $a0-309-07885-7 311 $a0-309-04083-3 320 $aIncludes bibliographical references. 606 $aSpace stations$xDesign and construction$vCongresses 606 $aEngineering design$vCongresses 606 $aLarge space structures (Astronautics)$vCongresses 608 $aElectronic books. 615 0$aSpace stations$xDesign and construction 615 0$aEngineering design 615 0$aLarge space structures (Astronautics) 676 $a629.44/2 801 0$bMiAaPQ 801 1$bMiAaPQ 801 2$bMiAaPQ 906 $aBOOK 912 $a9910455423503321 996 $aSpace station engineering design issues$92168060 997 $aUNINA LEADER 01644nam 2200457I 450 001 9910707645403321 005 20161005090315.0 035 $a(CKB)5470000002466085 035 $a(OCoLC)959836018 035 $a(EXLCZ)995470000002466085 100 $a20161004j201609 ua 0 101 0 $aeng 135 $aurcn||||||||| 181 $ctxt$2rdacontent 182 $cc$2rdamedia 183 $acr$2rdacarrier 200 10$aFischer-Tropsch cobalt catalyst activation and handling through wax enclosure methods /$fJennifer L.S. Klettlinger [and three others] 210 1$aCleveland, Ohio :$cNational Aeronautics and Space Administration, Glenn Research Center,$dSeptember 2016. 215 $a1 online resource (10 pages) $ccolor illustrations 225 1 $aNASA/TM ;$v2016-219099 300 $a"September 2016." 300 $a"Prepared for the 2011 Spring AIChE Meeting sponsored by AIChE, Chicago, Illinois, March 13, 2011." 320 $aIncludes bibliographical references (page 10). 606 $aCarbon monoxide$2nasat 606 $aCobalt$2nasat 606 $aFischer-Tropsch process$2nasat 606 $aGas mixtures$2nasat 606 $aHydrogen$2nasat 615 7$aCarbon monoxide. 615 7$aCobalt. 615 7$aFischer-Tropsch process. 615 7$aGas mixtures. 615 7$aHydrogen. 700 $aKlettlinger$b Jennifer L. S.$01404396 712 02$aNASA Glenn Research Center, 801 0$bGPO 801 1$bGPO 906 $aBOOK 912 $a9910707645403321 996 $aFischer-Tropsch cobalt catalyst activation and handling through wax enclosure methods$93478898 997 $aUNINA LEADER 01495nam 2200349 450 001 996279436003316 005 20231207100834.0 010 $a0-7381-8937-5 035 $a(CKB)3780000000090308 035 $a(NjHacI)993780000000090308 035 $a(EXLCZ)993780000000090308 100 $a20231207d2014 uy 0 101 0 $aeng 135 $aur||||||||||| 181 $ctxt$2rdacontent 182 $cc$2rdamedia 183 $acr$2rdacarrier 200 10$aIEEE Std 43-2013 (Revision of IEEE Std 43-2000) $eIEEE Recommended Practice for Testing Insulation Resistance of Electric Machinery - Redline /$fInstitute of Electrical and Electronics Engineers 210 1$aNew York :$cIEEE,$d2014. 215 $a1 online resource (ix, 26 pages) 330 $aThe dc voltage tests procedures for the measurement of the insulation resistance and polarization index of insulated stator, and rotor windings and how to interpret the results are described in this recommended practice. 517 $aIEEE Std 43-2013 (Revision of IEEE Std 43-2000): IEEE Recommended Practice for Testing Insulation Resistance of Electric Machinery 517 $aIEEE Std 43-2013 606 $aElectric machinery$xMaintenance and repair 615 0$aElectric machinery$xMaintenance and repair. 676 $a621.310420288 801 0$bNjHacI 801 1$bNjHacl 906 $aDOCUMENT 912 $a996279436003316 996 $aIEEE Std 43-2013 (Revision of IEEE Std 43-2000)$92578026 997 $aUNISA LEADER 04617nam 2200589 450 001 9910780771903321 005 20230815151803.0 010 $a1-4698-7803-8 035 $a(CKB)2430000000022236 035 $a(EBL)3418753 035 $a(SSID)ssj0000352623 035 $a(PQKBManifestationID)11303885 035 $a(PQKBTitleCode)TC0000352623 035 $a(PQKBWorkID)10285350 035 $a(PQKB)11197863 035 $a(MiAaPQ)EBC3418753 035 $a(Au-PeEL)EBL3418753 035 $a(CaPaEBR)ebr10865315 035 $a(OCoLC)419631726 035 $a(EXLCZ)992430000000022236 100 $a20140507h20032003 uy 0 101 0 $aeng 135 $aur|n|---||||| 181 $ctxt$2rdacontent 182 $cc$2rdamedia 183 $acr$2rdacarrier 200 04$aThe adult knee /$feditors, John J. Callaghan [et al.] 205 $aFirst edition. 210 1$aPhiladelphia :$cLippincott Williams & Wilkins,$d2003. 210 4$dİ2003 215 $a1 online resource (1579 pages) $cillustrations 300 $aDescription based upon print version of record. 311 0 $a0-7817-3247-6 320 $aIncludes bibliographical references at the end of each chapters and index. 327 $a""Cover""; ""Copyright""; ""Dedication""; ""Editors""; ""Foreword I""; ""Foreword II""; ""Acknowledgments""; ""Preface""; ""Contents""; ""Section I: Historical Perspectives""; ""Chapter 1 Early History of Knee Surgery""; ""Chapter 2 History of Total Knee Arthroplasty""; ""Section II: Basic Science""; ""Part A. Anatomy""; ""Chapter 3 Development of the Knee""; ""Chapter 4 Anatomy of the Medial and Lateral Sides of the Knee""; ""Chapter 5 Arthroscopic Anatomy of the Knee""; ""Chapter 6 Surgical Anatomy of the Knee""; ""Part B. Biomechanics"" 327 $a""Chapter 7 Biomechanics of the Articular Cartilage and Menisci of the Adult Knee"" ""Chapter 8 Structure and Biomechanics of Articular Cartilage""; ""Chapter 9 Biomechanics of the Knee""; ""Chapter 10 Knee Biomechanics and Implant Design""; ""Chapter 11 Kinematics of the Knee: Stable, Unstable Arthroplasty""; ""Chapter 12 Healthy Knee Alignment and Mechanics""; ""Part C. Biology of Injury and Repair""; ""Chapter 13 Biology of Meniscal Healing and Replacement""; ""Chapter 14 The Synovium""; ""Chapter 15 Tendons and Ligaments Around the Knee: The Biology of Injury and Repair"" 327 $a""Chapter 16 Articular Cartilage: Structure, Function, Metabolism, Injury, and Pathogenesis of Osteoarthritis"" ""Chapter 17 Bone Grafting in Total Knee Arthroplasty""; ""Chapter 18 Cartilage Tissue Engineering""; ""Chapter 19 Biodegradable Materials for Use in the Knee: Biologic Response Considerations""; ""Part D. Biomaterials""; ""Chapter 20 Metals""; ""Chapter 21 Polyethylene in Total Knee Arthroplasty""; ""Chapter 22 Fixation of Implants""; ""Section III. Clinical Science""; ""Part A. Evaluation of the Knee""; ""Chapter 23 Damage of Implant Surfaces in Total Knee Arthroplasty"" 327 $a""Chapter 24 Physical Examination of the Knee"" ""Chapter 25 Imaging of the Adult Knee""; ""Chapter 26 Knee-Rating Scales for Clinical Outcome""; ""Chapter 27 Algorithms""; ""Part B. Rehabilitation Principles""; ""Chapter 28 Rehabilitation for Nonoperative and Operative Management of Knee Injuries""; ""Chapter 29 Knee Braces for Ligamentous Instability and Arthritis""; ""Chapter 30 Rehabilitation Principles after Total Knee Arthroplasty""; ""Part C. Conditions of the Knee Unrelated to Injury""; ""Chapter 31 Arthritis: Overview""; ""Chapter 32 Avascular Necrosis and Osteochondritis Dissecans"" 327 $a""Chapter 33 Bone and Soft Tissue Tumors About the Knee"" ""Chapter 34 Septic Arthritis of the Adult Knee""; ""Chapter 35 Complex Regional Pain Syndrome of the Knee""; ""Chapter 36 Synovial Conditions of the Knee""; ""Section IV. Soft Tissue Injury of the Knee""; ""Chapter 37 Arthroscopic Environment for Knee Surgery""; ""Chapter 38 Anesthetic and Postoperative Pain Management""; ""Chapter 39 General Approach to Ligament and Meniscal Injury""; ""Part A. Management of Meniscal Injury""; ""Chapter 40 Meniscectomy""; ""Chapter 41 Meniscal Repair""; ""Chapter 42 Meniscus Transplantation""; ""Chapter 43 Graft Selection for Ligamentous Reconstruction"" 606 $aArthroplasty 606 $aKnee$xSurgery 615 0$aArthroplasty. 615 0$aKnee$xSurgery. 676 $a617.5/82059 702 $aCallaghan$b John J. 801 0$bMiAaPQ 801 1$bMiAaPQ 801 2$bMiAaPQ 906 $aBOOK 912 $a9910780771903321 996 $aThe adult knee$93677504 997 $aUNINA